00454nam a2200133Ia 4500008004100000024003600041082002000077100004800097245006500145260002600210600003400236650003300270999001700303260210s9999 xx 000 0 und d a04B-030-TE & 04B-016-TE a621.3845072 KHA aShahzaib Ashraf Khan & Syed Ammar Alavi 0aG.S.M.EDGE Architecture and Monolithic to Layered Conversion aKarachi:bUITU,c2004 aTelecommunication Engineering aBachelor of Engineering (BE) c33533d33533